Normal view
MARC view
- Supervised by Lec Intisar Rizwan-i-Haque and Co Supervised by Mr Juwad Arshad
Entry Personal Name
001 - CONTROL NUMBER
- control field: 132319
003 - CONTROL NUMBER IDENTIFIER
- control field: NUST
005 - DATE AND TIME OF LATEST TRANSACTION
- control field: 20251216131808.0
008 - FIXED-LENGTH DATA ELEMENTS
- fixed length control field: 251216|| aca||aabn | a|a d
040 ## - CATALOGING SOURCE
- Original cataloging agency: NUST
- Transcribing agency: NUST
100 ## - HEADING--PERSONAL NAME
- Personal name: Supervised by Lec Intisar Rizwan-i-Haque and Co Supervised by Mr Juwad Arshad
670 ## - SOURCE DATA FOUND
- Source citation: Work cat.: (NUST)212156: Eman, Kanzah (TCC-22) 131551, Cafe Map-Web based Online Ordering System /, June 2014
